MARC

LEADER 00000nbm0a2200000 4500
001 346623
005 20231102005915.0
035 |a (RuTPU)RU\TPU\book\378506 
090 |a 346623 
100 |a 20211027j20211012k y0rusy50 ca 
101 0 |a rus 
102 |a RU 
105 |a a m 001zy 
200 1 |a Малоракурсная акустическая томография композитных материалов  |e диссертация на соискание ученой степени кандидата технических наук  |e спец. 05.11.13  |f Чан Цзянлэй  |g Национальный исследовательский Томский политехнический университет ; науч. рук. А. И. Солдатов 
210 |a Томск  |c [Б. и.]  |d 2021 
215 |a 130 л.  |c ил. 
229 |a Защищена 12.10.2021 г. 
320 |a Библиогр.: с. 119-129 (106 назв.) 
452 1 |0 (RuTPU)RU\TPU\book\378162  |t Малоракурсная акустическая томография композитных материалов  |o диссертация на соискание учёной степени кандидата технических наук  |o спец. 05.11.13  |f Чан Цзянлэй  |g Национальный исследовательский Томский политехнический университет ; науч. рук. А. И. Солдатов  |c Томск  |d 2021 
606 1 |a Композиционные материалы (материаловедение)  |2 stltpush  |3 (RuTPU)RU\TPU\subj\71565  |9 85422 
606 1 |a Томография  |2 stltpush  |3 (RuTPU)RU\TPU\subj\72071  |9 85659 
610 1 |a характеристики 
610 1 |a применение 
610 1 |a дефекты 
610 1 |a средства контроля 
610 1 |a ультразвуковые методы 
610 1 |a ультразвуковые дефектоскопы 
610 1 |a малоракусная томография 
610 1 |a теоретические исследования 
610 1 |a теневые методы 
610 1 |a аппаратура 
610 1 |a диссертации 
610 1 |a труды учёных ТПУ 
675 |a 620.22-419.8(04)  |v 4 
675 |a 620.179.152.1(04)  |v 4 
686 |a 05.11.13  |2 oksvnk 
700 0 |a Чан Цзянлэй 
702 1 |a Солдатов  |b А. И.  |c специалист в области электроники  |c профессор Томского политехнического университета, доктор технических наук  |f 1958-  |g Алексей Иванович  |2 stltpush  |3 (RuTPU)RU\TPU\pers\25907  |4 727 
712 0 2 |a Национальный исследовательский Томский политехнический университет  |c (2009- )  |2 stltpush  |3 (RuTPU)RU\TPU\col\15902  |9 26305 
801 1 |a RU  |b 63413507  |c 20211027 
801 2 |a RU  |b 63413507  |c 20211203  |g RCR 
942 |c BK